Planet Jupiter - Statistics

General Stats
  • This quiz has been taken 63 times
    59 since last reset
  • The average score is 12 of 15
Answer Stats
Question Answer % Correct
What type of planet is Jupiter? Gas giant
100%
What region in the Solar System is located roughly between the orbits of the planets Jupiter and Mars? Asteroid belt
93%
Which of Jupiter's moons is the most volcanically active body in the Solar System and has about 400 active volcanos? Io
93%
Whish fact is NOT true about Jupiter? It is the sixth planet from the Sun
93%
What is the name of the giant storm on Jupiter The Great Red Spot
93%
How many moons does Jupiter have? 80+
86%
What Jupiter's moon is the largest moon in the Solar System? Ganymede
86%
Which of Jupiter's moons is believed to have a massive subsurface ocean? Europa
79%
What elements are most common on Jupiter? Hydrogen and helium
79%
How are the four most massive moons of Jupiter called? Galilean moons
71%
What is the average temperature on Jupiter? -234 C
64%
Which civilization is thought to have been the first to track the planet Jupiter? Babylonians
64%
In 1973 which space probe flew by Jupiter and provided the first close up pictures of the planet? Pioneer 10
57%
What did Bernard Burke and Kenneth Franklin detect coming from Jupiter in 1955? Radio signals
50%
What happened to Juno space probe that entered a polar orbit of Jupiter in 2016? It is still orbiting the planet
43%
No matching quizzes found
Score Distribution
Percent of People with Each Score
Percentile by Number Answered
Your Score History
You have not taken this quiz since the last reset